00361pab a2200121 454500008004000000100001600040245010800056260000900164300001500173362000800188650001100196773003200207180718b2011 xxu||||| |||| 00| 0 eng d aKundu, Amit aConsumption and income revisit of permanent income hypothesis with an application to the Indian economy c2011 ap.867-907. aApr aIncome aIndian Journal of Economics